[Event "Zalaegerszeg"]
[Site "Zalaegerszeg"]
[Date "2004.05.02"]
[Round "9"]
[White "Varga, Zoltan"]
[Black "Horvath, Adam"]
[Result "1/2-1/2"]
[WhiteElo "2564"]
[BlackElo "2517"]
[Annotator "Rogozenco,D"]
[PlyCount "50"]
[EventDate "2004.04.24"]
[EventType "tourn"]
[EventRounds "9"]
[EventCountry "HUN"]
[EventCategory "13"]
[SourceTitle "CBM 101"]
[Source "ChessBase"]
[SourceDate "2004.07.27"]
[SourceVersion "1"]
[SourceVersionDate "2004.07.27"]
[SourceQuality "1"]

1. e4 c5 2. Nf3 e6 3. d4 cxd4 4. Nxd4 Nf6 5. Nc3 Nc6 6. Ndb5 d6 7. Bf4 e5 8.
Bg5 a6 9. Na3 b5 10. Bxf6 gxf6 11. Nd5 Bg7 12. Bd3 Ne7 13. Nxe7 Qxe7 14. O-O
O-O 15. c4 f5 16. Qf3 d5 {Thanks to Radjabov's efforts, this sacrifice
annihilates for the moment White's most dangerous plan against 10...Bg7 (here
11...Bg7): c4 and Qf3.} 17. cxd5 fxe4 (17... f4 {Radajabov's first attempt to
get counterplay against Kramnik in Dortmund 2003 proved to offer less chances
than 17...fxe4.}) 18. Bxe4 Rb8 19. Bf5 $146 {A new try, which, however, does
not bring advantage either. So far White players tried 19.Rfd1 and 19.Rad1.}
Qf6 $1 20. Bxc8 Qxf3 21. gxf3 Rfxc8 22. Rac1 Rxc1 23. Rxc1 b4 $2 {A strange
move, especially because Black had lots of other attractive options.} (23...
Rd8 24. Rd1 Rc8 {[%csl Ra3][%cal Gg8f8,Gf8e8]} 25. Nb1 f5 {[%cal Gg8f7] The
knight still cannot find a good square.} 26. Nc3 Kf7 $44) (23... e4 {The
forced way to equalize. White cannot exploit the extra pawn. Because of his
poor knight he can even lose if trying too hard:} 24. Nc2 (24. Rc6 Bxb2 25.
Rxa6 exf3 26. Nc2 Kf8 $11 {[%cal Gb8c8]} (26... Rc8 27. Rc6)) (24. Rd1 Bxb2 25.
Nc2 exf3 $15 26. Nb4 Ba3 $1 27. Nxa6 $2 Rc8 {[%csl Ra6,Gf3,Rg1][%cal Ga3d6]})
24... exf3 (24... Rc8 25. d6 (25. fxe4 $4 Bxb2 $19) 25... Kf8 $1 (25... Bxb2
26. d7 Rd8 27. Rd1 $16 {[%cal Gc2b4]} Bc3 28. fxe4 $16 {[%cal Gc2e3]}) (25...
Bf6 26. fxe4 Kf8 (26... Bg5 27. f4 $1 Bxf4 28. d7 Rd8 29. Rd1) (26... Rc6 27.
d7 Rd6 28. Ne3 $16) 27. d7 Rd8 28. Rd1 Ke7 29. e5 $5 Bxe5 $140 $2 30. Nb4 $18)
26. d7 (26. fxe4 $6 Ke8 {[%csl Rc2][%cal Gc8c1]}) 26... Rd8 27. fxe4 $1 (27.
Rd1 Ke7 28. fxe4 (28. Nb4 Rxd7 29. Rxd7+ Kxd7 30. Nxa6 exf3) 28... Bxb2 $1 29.
Nb4 $140 Rxd7 $1 30. Rxd7+ Kxd7 $17 31. Nxa6 $2 Ba3 $1 $19) 27... Rxd7 (27...
Bxb2 {[%cal Gf8e7]} 28. Rb1 (28. Rd1 Ke7 29. Nb4 Rxd7 30. Rxd7+ Kxd7 31. Nxa6
$2 Ba3) 28... Bf6 29. Nb4 (29. Rd1 Ke7 30. Nb4 Rxd7 31. Rxd7+ Kxd7 32. Nxa6 $2
Be7) 29... Rxd7 30. Nxa6 Rd2 31. Rxb5 Rxa2 32. Nc7 Bd4 33. Rf5 $16) 28. Ne3
Bxb2 29. Rc8+ $14) 25. Rd1 Bxb2 $13 {/=} 26. Ne1 (26. Nb4 Ba3 27. Nxa6 (27. Nc6
Re8 $17 {[%cal Ga3d6]}) 27... Rc8 $17 {[%cal Ga3d6]}) 26... Kf8 27. Nxf3 Ke7
$15) (23... Bf8 $5) 24. Nc2 $2 {This is just a disastrous move from all points
of view.} (24. Nc4 {is of course the normal answer.} Rc8 (24... Rd8 25. Rd1 $16
) 25. b3 $16 ({or} 25. d6 f6 26. b3 Rc5 27. Rd1 $16)) 24... Rc8 25. d6 Bf6 {
Because of the pin along the c-file White must force a draw:} (25... Bh6 $2 26.
d7 Rd8 27. Rd1 $16) (25... Bf6 26. d7 Rc7 27. Rd1 Rxc2 28. d8=Q+ Bxd8 29. Rxd8+
Kg7 30. Ra8 Rxb2 31. Rxa6 f6 32. a4 $11) 1/2-1/2

[Event "NED-ch59"]
[Site "Leeuwarden"]
[Date "2004.07.09"]
[Round "9"]
[White "Van der Wiel, John"]
[Black "L'Ami, Erwin"]
[Result "0-1"]
[WhiteElo "2526"]
[BlackElo "2478"]
[Annotator "Rogozenco,D"]
[PlyCount "102"]
[EventDate "2004.06.30"]
[EventType "tourn"]
[EventRounds "9"]
[EventCountry "NED"]
[EventCategory "12"]
[SourceTitle "CBM 102"]
[Source "ChessBase"]
[SourceDate "2004.09.23"]
[SourceVersion "1"]
[SourceVersionDate "2004.09.23"]
[SourceQuality "1"]

1. e4 c5 2. Nf3 Nc6 3. d4 cxd4 4. Nxd4 Nf6 5. Nc3 e5 6. Ndb5 d6 7. Bg5 a6 8.
Na3 b5 9. Nd5 Be7 10. Bxf6 Bxf6 11. c3 O-O 12. Nc2 Bg5 13. a4 bxa4 14. Rxa4 a5
15. Bb5 Ne7 $1 16. Nxe7+ (16. Ncb4 Bd7 17. Nxe7+ Bxe7 $11) 16... Qxe7 17. Nb4
Bg4 18. Qa1 Qc7 (18... Qb7 19. Bc6 Qb6 20. Bxa8 Qb5 $11) 19. O-O $146 {Van der
Wiel has played this variation before with Black and produced a great novelty.
But then he miscalculated something and lost quickly. The story repeats itself
in a way - he produces a novelty but very soon will blunder.} (19. Nd5 Qb7 20.
c4 Be6 21. Qa3 (21. O-O Bxd5 22. exd5 Qb6 23. b4 Bd2 24. Bc6 Ra7 25. Rb1 (25.
c5 dxc5 26. bxc5 Qxc5 27. Qxe5 Bb4 $11) 25... Rb8 $11) 21... Bxd5 22. exd5 Qc7
23. O-O (23. h4 Bd8 24. Qe3 Qb6 25. Qd2 f5 $15 {1/2-1/2 Makarczuk,J-Fischer,R/
IECC email 2000 (31)}) 23... Bd2 $11) 19... Be6 20. Bc6 $4 {Difficult to
explain what went wrong in White's calculations.} (20. Nd5 Qc5 (20... Bxd5 21.
exd5 Qb6 22. Bc6 Rab8 23. Rb1 $14 (23. Rxa5 Qxb2) 23... Bd8 $140 24. b4) 21.
Rxa5 Rxa5 22. Qxa5 Bxd5 23. exd5 Qxd5 $11) (20. Nc6 $6 Qb7 (20... Bd7 $5) 21.
c4 Rac8 22. Nxa5 Qxe4 $132) 20... Rab8 $19 {[%csl Rc6][%cal Gb8b4,Ga5b4] White
loses material.} ({Van der Wiel must have hoped for something like} 20... Ra7
21. Bd5 $14) 21. Na6 (21. Rxa5 Rxb4 22. cxb4 Qxc6 $19) 21... Qxc6 22. Nxb8 Rxb8
23. Rxa5 Qxe4 24. Re1 Qb7 25. Ra7 Qc8 26. Qa3 Qd8 27. Rd1 d5 28. Ra1 g6 29. Ra8
Rxa8 30. Qxa8 Qxa8 31. Rxa8+ Kg7 32. Ra4 Kf6 33. Kf1 Bc1 34. Rb4 Ke7 35. Ke2
Kd6 36. Kd1 Bg5 37. Rb5 Bf6 38. Kd2 d4 39. cxd4 exd4 40. f4 h5 41. Ra5 Bd8 42.
Ra8 Bb6 43. g3 Bf5 44. b4 Kc6 45. Rf8 Bc7 46. Rxf7 Bd6 47. Rf6 Kd5 48. b5 Bb4+
49. Kc1 d3 50. h3 d2+ 51. Kd1 Be4 0-1

[Event "RUS-ch"]
[Site "Elista"]
[Date "1996.??.??"]
[Round "2"]
[White "Aseev, Konstantin N"]
[Black "Volzhin, Alexander"]
[Result "1-0"]
[WhiteElo "2560"]
[BlackElo "2485"]
[Annotator "Rogozenco,D"]
[PlyCount "55"]
[EventDate "1996.10.15"]
[EventType "swiss"]
[EventRounds "11"]
[EventCountry "RUS"]
[SourceTitle "CBM 056"]
[Source "ChessBase"]
[SourceDate "1997.02.01"]
[SourceVersion "1"]
[SourceVersionDate "1997.02.01"]
[SourceQuality "1"]

1. e4 {Chekhov} c5 2. Nf3 Nc6 3. d4 cxd4 4. Nxd4 Nf6 5. Nc3 e5 6. Ndb5 d6 7.
Bg5 a6 8. Na3 b5 9. Nd5 Be7 10. Bxf6 Bxf6 11. c3 Rb8 12. Nc2 Bg5 13. a4 (13.
Be2 $5 {Chekhov}) 13... bxa4 14. Ncb4 Bd7 15. Bxa6 Nxb4 16. Nxb4 (16. cxb4 {
Chekhov} O-O 17. Rxa4 $6 (17. O-O Bc6 $132) 17... Bxa4 18. Qxa4 f5 19. exf5
Rxf5 20. O-O e4 21. Qb3 Kh8 22. b5 Qg8 $1 23. Rd1 Rbf8 $17 {Wahls,M-Schulte,O/
Hamburg/1986/0|1/33/}) 16... Qa5 (16... O-O $5 {Chekhov} 17. O-O Be7 18. Qe2
Kh8 19. Kh1 g6 20. Rad1 Qe8 21. Rd5 f5 $13 {Chandler,M-Simic,R/Belgrade/1982/
0|1/61/}) 17. Qxd6 $1 {The only way to fight for advantage in this system.
After other moves Black has no problems. N/} (17. Bd3 $2 Rxb4 18. cxb4 Qxb4+
19. Ke2 d5 $1 20. Qc2 dxe4 21. Bxe4 O-O $17 {Novikov-Efimov/Sochi/80.}) (17.
Qd5 Qxd5 18. exd5 O-O 19. O-O e4 $10 {Wallace-Rogozenko/Budapest/95.}) 17...
Rb6 18. Qd3 (18. Qd5 Rxa6 19. Nxa6 Qxa6 20. Qxe5+ Be7 21. Qxg7 Bf6 22. Qg3 $13)
(18. Qc7 Bd8 (18... Rxa6 19. Qb8+ Bd8 20. Nxa6 Qxa6 21. Qxe5+ Qe6 $15) 19. Qc4
O-O $44 (19... Be6 {Chekhov} 20. Qd3 Rxb4 21. cxb4 Qxb4+ 22. Kf1 O-O $146))
18... Rxb4 (18... Be7 19. Nd5 Rxb2 (19... Rxa6 20. Qxa6 Qxa6 21. Nc7+ $18) 20.
O-O $1 $16 (20. Nxe7 Kxe7 21. O-O-O Rhb8 22. Qxd7+ Kf8 $40) (20. Qg3 $5)) 19.
cxb4 Qxb4+ 20. Kf1 Bc6 (20... Qxb2 $2 {Chekhov} 21. Rb1 $18) 21. h4 $16 (21. f3
{Chekhov} O-O $44) 21... Bh6 (21... Bxe4 22. Qb5+ $18) (21... Be7 {Chekhov} 22.
Qc4 Qb6 23. Rh3 O-O 24. Rc1 Bd7 25. Rd3 $16) 22. Qc2 $1 (22. Qc4 $5 {Chekhov})
22... Qb6 (22... Qxe4 23. Qxe4 Bxe4 24. Rxa4 $18) 23. Bc4 O-O 24. Rh3 Kh8 25.
Bd5 Bd7 (25... Bxd5 {Chekhov} 26. exd5 Qb5+ 27. Kg1 Qxd5 28. Rxa4 $18) 26. Rf3
Bf4 27. g3 Bg4 28. Rc3 (28. Rc3 {Chekhov} Bh6 29. Rxa4 $18) 1-0

[Event "George Marx Memorial 3rd"]
[Site "Paks"]
[Date "2005.06.14"]
[Round "3"]
[White "Acs, Peter"]
[Black "Sutovsky, Emil"]
[Result "1/2-1/2"]
[WhiteElo "2525"]
[BlackElo "2665"]
[Annotator "Rogozenco,D"]
[PlyCount "115"]
[EventDate "2005.06.12"]
[EventType "tourn"]
[EventRounds "10"]
[EventCountry "HUN"]
[EventCategory "15"]
[SourceTitle "CBM 108"]
[Source "ChessBase"]
[SourceDate "2005.09.26"]
[SourceVersion "1"]
[SourceVersionDate "2005.09.26"]
[SourceQuality "1"]

1. e4 c5 2. Nf3 Nc6 3. d4 cxd4 4. Nxd4 Nf6 5. Nc3 e5 6. Ndb5 d6 7. Bg5 a6 8.
Na3 b5 9. Bxf6 gxf6 10. Nd5 f5 11. Bd3 Be6 12. O-O Bxd5 13. exd5 Ne7 14. Re1
Bg7 15. Rb1 {Yurtaev's move. White protects pawn b2 and prepares the advance
of the c-pawn.} ({More popular is} 15. c3) 15... e4 16. Bf1 Qb6 {Sutovsky
demonstrates a new method for Black - he leaves the rook on h8 instead of
castling short. The king will be safe on f8.} (16... O-O 17. c4 Ng6 $5 $36 {>>}
) 17. c4 b4 (17... O-O {would have still transpose to well-known path.} 18. Qh5
(18. cxb5 axb5 $11) (18. Qd2 Rfc8 $13) 18... Rfc8 19. b4 Qd4 $13 {Luther-Van
Wely, Chalkidiki 2002}) 18. Nc2 h5 $5 (18... O-O 19. Qh5 $14) 19. Qd2 Bh6 (
19... a5 20. Qg5 Kf8 21. Ne3 Bh6 22. Qh4 (22. Qxh5 Bg7 {is similar to the game.
}) (22. Qf6 {brings nothing in view of} Bg7) 22... Re8 $13) 20. Qe2 (20. Qxb4
$5 Qxb4 21. Nxb4 Bd2 22. Nc2 Bxe1 23. Rxe1 a5 24. f3 $44) 20... Kf8 21. Qxh5
Re8 22. g3 Bg7 23. Qe2 Ng6 {White's extra pawn doesn't count for the moment.
Black is trying to build up initiative in the center and on the kingside.} 24.
Qe3 Qd8 25. f4 $1 (25. Nd4 $6 f4 $1 26. gxf4 Qh4 $17) (25. f3 f4 26. gxf4 Qh4
$36) (25. Nxb4 $6 f4 $44) 25... exf3 $8 26. Qxe8+ Qxe8 27. Rxe8+ Kxe8 {Thanks
to the superiority of his minor pieces Black's prospects are at least equal.}
28. Re1+ (28. Nxb4 Bd4+ 29. Kh1 Ne5 30. h3 Nxc4 $11 (30... Ng4 $5 $44)) 28...
Kd7 29. Re3 Ne5 (29... a5 30. Rxf3 Bxb2 31. Rxf5 Ne5 $44 {[%csl Rc2,Rc4,Rf1]
[%cal Gh8c8,Gb2c3,Ga5a4]}) 30. h3 Bh6 31. Rb3 a5 32. a3 f4 {With his f-pawns
and active pieces Black still has a strong attack against White's king.} 33. g4
(33. gxf4 Bxf4 34. axb4 Rg8+ 35. Kf2 axb4 36. Rxb4 Bh2 37. Rb7+ Kc8 38. Rb3
Bg1+ 39. Ke1 Bc5 40. Rc3 Rg2 $1 $36 41. b4 $140 $2 Bf2+ 42. Kd1 Rg1 $19) 33...
f5 34. axb4 axb4 35. Nd4 fxg4 36. hxg4 Bg7 37. Rxb4 (37. Nxf3 Nxf3+ 38. Rxf3
Bxb2 $15 {[%csl Gb4,Rf1]}) 37... Bf6 38. Rb3 f2+ $1 39. Kg2 (39. Kxf2 Nxg4+ $17
) 39... Nxg4 $17 40. Ne6 Rh2+ 41. Kf3 Rh1 ({Black could play for a win also
with} 41... Ne3 42. Rxe3 fxe3 43. Kxe3 Bxb2 44. Kf3 Bf6 45. Kg3 Be5+ 46. Kf3
Ke7 47. Bg2 Rh4 48. Kxf2 Rxc4) 42. c5 $5 {A very interesting idea to create
counterplay against Black's king.} (42. Kxg4 $2 Rxf1 43. Kf3 Bh4 $19) (42. Be2
Rh3+ 43. Kxg4 Rxb3 44. c5 Bxb2 (44... Rxb2 45. c6+ Ke7 46. Kf3 Bh4 47. Nxf4 $11
) 45. c6+ Ke7 {and it is not clear if White can escape - pawn f2 remains alive.
}) 42... Rxf1 43. c6+ Ke8 44. Kxg4 Rh1 ({Black seems to be winning after} 44...
Rg1+ 45. Kf5 Kf7) ({or} 44... Rc1 45. Kf5 Bh4 46. Rf3 f1=Q 47. Rxf1 Rxf1 $19)
45. Kf5 Bd8 {This enables White to build a very nice drawish mechanism.} (45...
f1=Q 46. Kxf6 Rh6+ 47. Kg7 Qg2+ (47... Rxe6 48. Rb8+ Ke7 49. Rb7+ Kd8 50. dxe6
Qe2 51. Rd7+ Kc8 52. e7 {and Black has nothing better than perpetual.}) 48.
Kxh6 Kf7 49. Nxf4 Qg7+ 50. Kh5 Kf6 51. Nh3 $11) ({I don't see a draw after} 
45... Kf7 {For instance:} 46. Rb7+ Be7 47. Ng5+ Kf8 48. Ne6+ (48. c7 $2 Rc1 49.
Rb8+ Kg7 50. Ne6+ Kh7 51. c8=Q Rxc8 52. Rxc8 f1=Q $19) (48. Rb8+ Kg7 49. Ne6+
Kf7 50. Ng5+ Bxg5 51. Kxg5 f1=Q 52. Rb7+ Ke8 53. Rb8+ Ke7 54. Rb7+ Kd8 $19)
48... Ke8 $1 ({Black even loses after} 48... Kg8 $2 49. c7 Rc1 50. Kg6 $1 Rg1+
51. Ng5 $1 Rxg5+ 52. Kh6 Bf8+ 53. Kxg5 f1=Q 54. c8=Q $18) (48... Kf7 49. Ng5+
Kf8 50. Ne6+ $11) 49. c7 Rc1 50. Rb8+ Kf7 51. Rh8 f1=Q 52. Rh7+ Kg8 53. Rg7+
Kh8 54. Rxe7 Qh3+ 55. Kg6 (55. Kf6 Qh6+ 56. Kf7 Qh5+ 57. Kf6 f3 $19) 55... Rg1+
56. Ng5 Qc8 57. Rh7+ Kg8 58. Rg7+ Kf8 59. Rf7+ Ke8 60. Rg7 Qb7 61. Rg8+ Kd7 62.
c8=Q+ Qxc8 63. Rxc8 Kxc8 $19) 46. Rb8 $11 f1=Q 47. Rxd8+ Kf7 48. Rd7+ Kg8 49.
Rd8+ Kh7 50. Ng5+ Kg7 51. Rd7+ Kf8 52. Ne6+ Kg8 53. Rd8+ Kh7 54. Ng5+ Kg7 55.
Rd7+ Kf8 56. Ne6+ Kg8 57. Rd8+ Kh7 58. Ng5+ 1/2-1/2

[Event "Pamplona"]
[Site "Pamplona"]
[Date "2003.12.22"]
[Round "3"]
[White "Karjakin, Sergey"]
[Black "McShane, Luke J"]
[Result "0-1"]
[WhiteElo "2562"]
[BlackElo "2649"]
[Annotator "Rogozenco,D"]
[PlyCount "80"]
[EventDate "2003.12.20"]
[EventType "tourn"]
[EventRounds "7"]
[EventCountry "ESP"]
[EventCategory "15"]
[SourceTitle "CBM 099"]
[Source "ChessBase"]
[SourceDate "2004.03.30"]
[SourceVersion "1"]
[SourceVersionDate "2004.03.30"]
[SourceQuality "1"]

1. e4 c5 2. Nf3 Nc6 3. d4 cxd4 4. Nxd4 Nf6 5. Nc3 e5 6. Ndb5 d6 7. Bg5 a6 8.
Na3 b5 9. Bxf6 gxf6 10. Nd5 f5 11. Bd3 Be6 12. c3 Bg7 13. Nxb5 axb5 14. Bxb5
Bd7 15. exf5 {This piece sacrifice regained some popularity later and I
suspect it will become even more popular (although I must say that it does not
represent a real threat for Sveshnikov Sicilian). It leads to interesting
double-edged positions, which might be pleasant for many players with White,
who has a certain initiative. But in order to have chances to succeed White
players must keep in mind that one day those queenside pawns must start
rolling forward.} O-O 16. O-O Re8 (16... Rb8 {Black often includes this move,
which for instance enables him to sac an exchange in case of need. However, it
remains pretty unclear if he really needs this inclusion (Rb8/a4) and who
benefits from it in the end.} 17. a4 Re8 {[%cal Gc6e7]}) 17. Qf3 $146 (17. Qg4
Kh8 18. Qe4 {This looks more logical for White than the game.} (18. Qh5 $5)
18... Rb8 19. a4 f6 20. b4 Qc8 21. g4 Ne7 22. Bxd7 Qxd7 23. Nxe7 Rxe7 24. Rfd1
Bh6 25. a5 {White's chances seem preferable, although the draw is the most
likely outcome, Brodhuhn,R-Gauglitz,G/Germany 1991}) 17... e4 $1 {Black is
rather forced to enter the complications in order to get activity.} (17... f6
$6 $14) (17... Nd4 $2 18. cxd4 Bxb5 19. f6 {looks dangerous for Black.}) 18.
Qg3 Kh8 19. Qxd6 Be5 20. Qh6 Bxf5 $1 {Black has an extra piece, so this is not
even a real sacrifice.} 21. Nf4 ({White will end up under a mating attack if
he takes the knight:} 21. Qxc6 Re6 22. Qc4 Rc8 23. Qb3 Qh4 $40) 21... Bd7 22.
Rad1 (22. Bxc6 Bxc6 23. Qxc6 Bxf4 $17) 22... Rc8 23. Rd5 Qc7 24. g3 Rg8 25.
Rfd1 Bg4 26. Be2 {So far a logical and "clean" play from both young players.
Nevertheless, due to the high tension of the game and upcoming time pressure
many mistakes will follow.} Bf5 {Missing tactics.} ({Correct was} 26... Bxe2
27. Nxe2 {which would have kept the position balanced.}) 27. Rc5 {White misses
it as well.} (27. Rxe5 {unexpected blow, winning two pieces for the rook. This
is easy to find with the help of a computer, of course.} Qxe5 (27... Nxe5 28.
Qf6+ $18) 28. Rd5 Qe7 29. Rxf5 e3 30. Qf6+ Qxf6 31. Rxf6 exf2+ 32. Kxf2 $16 {
/+-}) 27... f6 {Now again Black has practical advantage. White's queenside
pawns are worth little on their initial positions.} 28. Bb5 Qb6 {The problem
with the queen on b6 is that Black won't be able to remove the knight from c6
because of Rxe5 (the pawn f6 will be pinned).} (28... Qb7 $142 $15) 29. b4 $1
$13 {Finally White starts to push those pawns.} e3 $5 {The correct decision
from the practical point of view. With all black pieces active, White can
easily step wrong somewhere.} 30. fxe3 Be4 (30... Qa7 $5 {[%csl Re3][%cal
Ga7e3]} 31. a4 (31. Bxc6 Rxc6 $1) 31... Ne7 32. Rxe5 $1 fxe5 33. Qf6+ Rg7 34.
Qxe5) (30... Ne7 $2 31. Rxe5 $18 {[%cal Gh6b6]}) 31. Nd5 $1 {Impressive play
from White so far. Karjakin sharpens the position at maximum. But the bad part
of making such strong sharp moves with little time is that for some strange
reasons the probability to blunder always becomes higher...} Qb8 32. Nxf6 Bxg3
33. Nxe4 $2 {White collapses under pressure. Of course with computer help
after the game is easy to find that White wins, had he taken the rook on g8.
However, during the game it is almost impossible to assess quickly that 33.
Nxg8 is correct.} (33. Nxg8 {[%cal Gh6f6]} Bxh2+ (33... Rxg8 34. Qf6+ Rg7 35.
Bxc6 Bxh2+ (35... Bh4+ 36. Qxg7+ Kxg7 37. Bxe4 $18) 36. Kf1 $18) 34. Kf1 $18) (
33. Bxc6 Bf4+ $19) 33... Bf4+ 34. Ng5 Bxg5 {This is it. Karjakin must have
missed that taking on g5 wouldn't save the queen anyway.} 35. Qe6 (35. Rxg5
Rxg5+ 36. Qxg5 Rg8 $19) 35... Bxe3+ 36. Kh1 Bxc5 37. Bxc6 Rg6 38. Qf7 Rcxc6 39.
bxc5 Rcf6 40. Qd5 Qc7 {A hard-fought game, with many mistakes, which is quite
normal for such interesting battles. Of course, it is not exactly "a soccer
game between France and Italy that ends 0:0". Thanks God! "A second division
game which ends 7:6" is without doubts often more attractive for football fans
(Kramnik's one-sided comparison of chess with soccer is quite amusing. Besides,
between lines one can notice a rather contemptuous attitude towards the
"second division"). I don't know many people who'd be happy to watch the
replay of a 0:0 soccer match. Moreover, who said that a score of 2:1 is not
good enough? Or that a 3:2 score cannot represent a result of a very
high-class match? And of course one doesn't need necessarily to bring examples
from the second division in order to find combative spirits. To finish these
general considerations, I'll add that being selective and choose only
conventient parts from a (complex) whole in order to prove a point of view
represents a wrong attitude, to put it mildly. If comparing chess with soccer,
why not going a bit further? At least in matters that concern those people who
talk about such comparisons. Top teams in soccer, including (true) World
Champions won't even think to consider themselves above others by not
accepting to play in the final tournament of the Soccer World Championship 
(from the very first stage, by the way). In chess unfortunately this is just
one caprice of those who behave like they'd have life-time priorities. I
apologize if being a bit off the point. But both Sergey and Luke can be happy
with producing such a game like the present one - an interesting opening
variation, extremely high tension, fearlessly taking risks, not making draw in
the middle of the fight etc. This style of playing IS interesting for chess
funs and organisers. On the other hand it will always remain a matter of
personal taste which style to prefer. Attempts to prove superiority of one's
own taste always risk to sound ridiculous, that's why all discussions in the
media about a "good" or "bad", "correct" or "wrong" style don't make much
sense.} 0-1